All Cities in Bosnia and Herzegovina with 1000+ Population - Statistics

General Stats
  • This quiz has been taken 147 times
  • The average score is 60 of 611
Answer Stats
# Canton City Population % Correct
1 BiH - Sarajevo Sarajevo 334722
97%
2 Republika Srpska Banja Luka 135059
95%
5 BiH - Herzegovina-Neretva Mostar 60195
92%
3 BiH - Tuzla Tuzla 74457
88%
4 BiH - Zenica Zenica 70553
83%
6 Republika Srpska Bijeljina 41121
75%
7 Brčko Brčko 39893
73%
8 BiH - Una-Sana Bihać 39690
72%
10 Republika Srpska Doboj 24349
72%
169 BiH - Zenica Doboj 2549
72%
9 Republika Srpska Prijedor 27970
70%
11 Republika Srpska Trebinje 22987
70%
206 Republika Srpska Srebrenica 2241
65%
125 BiH - Herzegovina-Neretva Neum 3013
64%
46 BiH - Central Bosnia Jajce 7172
62%
17 BiH - Una-Sana Cazin 13863
61%
39 BiH - Canton 10 Livno 7927
60%
68 Republika Srpska Višegrad 5203
59%
12 BiH - Una-Sana Sanski Most 16913
58%
26 Republika Srpska Zvornik 11082
58%
15 BiH - Central Bosnia Travnik 15344
57%
28 Republika Srpska Foča 10831
56%
59 BiH - Canton 10 Tomislavgrad 5587
55%
80 BiH - Una-Sana Velika Kladuša 4520
54%
25 BiH - Zenica Visoko 11205
54%
27 Republika Srpska Derventa 11076
53%
29 BiH - Herzegovina-Neretva Konjic 10732
53%
21 Republika Srpska Pale 12569
53%
23 BiH - Bosnian Podrinje Goražde 11806
51%
66 BiH - Zenica Tešanj 5257
51%
14 BiH - Central Bosnia Bugojno 15555
50%
16 Republika Srpska Gradiška 13961
50%
24 BiH - Zenica Kakanj 11796
49%
47 Republika Srpska Mrkonjić Grad 7017
49%
40 Republika Srpska Prnjavor 7651
49%
327 BiH - Tuzla Prnjavor 1515
49%
52 BiH - Central Bosnia Vitez 6329
49%
41 Republika Srpska Brod 7637
48%
422 Brčko Brod 1286
48%
57 BiH - Zenica Maglaj 6099
48%
50 BiH - Tuzla Srebrenik 6694
48%
58 BiH - Herzegovina-Neretva Čapljina 5774
47%
53 Republika Srpska Rogatica 6313
47%
70 Republika Srpska Nevesinje 5000
46%
34 Republika Srpska Novi Grad 9415
46%
35 BiH - Central Bosnia Novi Travnik 9008
46%
49 BiH - Central Bosnia Donji Vakuf 6711
45%
20 BiH - Tuzla Gradačac 12764
45%
73 BiH - Una-Sana Ključ 4898
45%
65 Republika Srpska Laktaši 5282
45%
32 BiH - Una-Sana Bosanska Krupa 10196
44%
95 BiH - Canton 10 Drvar 3730
44%
67 Republika Srpska Gacko 5218
44%
37 BiH - Posavina Odžak 8259
44%
99 BiH - Posavina Orašje 3614
44%
55 Republika Srpska Vlasenica 6228
44%
19 BiH - Tuzla Gračanica 12882
43%
218 BiH - Tuzla Gračanica 2140
43%
580 BiH - Sarajevo Luka 1029
43%
48 Republika Srpska Teslić 6820
43%
44 Republika Srpska Bileća 7476
42%
22 BiH - Tuzla Lukavac 12061
42%
36 Republika Srpska Modriča 8996
42%
94 Republika Srpska Šipovo 3749
42%
56 BiH - West Herzegovina Široki Brijeg 6149
42%
43 Republika Srpska Bratunac 7530
41%
219 Republika Srpska Jablan 2127
41%
85 BiH - Tuzla Kladanj 4026
40%
30 BiH - Sarajevo Vogošća 10568
40%
18 Republika Srpska East Sarajevo 13641
39%
103 BiH - Central Bosnia Kiseljak 3554
39%
78 Republika Srpska Šamac 4709
39%
84 BiH - Herzegovina-Neretva Jablanica 4057
38%
71 BiH - Sarajevo Hadžići 4993
37%
519 BiH - Una-Sana Hadžići 1129
37%
108 BiH - Herzegovina-Neretva Prozor 3367
36%
282 BiH - Tuzla Soko 1746
36%
60 Republika Srpska Trn 5544
36%
179 BiH - West Herzegovina Trn 2487
36%
106 BiH - Una-Sana Bosanski Petrovac 3427
35%
101 BiH - Central Bosnia Fojnica 3570
35%
275 Republika Srpska Han Pijesak 1777
35%
61 Republika Srpska Sokolac 5502
35%
38 BiH - Zenica Zavidovići 8174
35%
45 Republika Srpska Kotor Varoš 7330
34%
33 Republika Srpska Kozarska Dubica 10005
34%
86 BiH - West Herzegovina Ljubuški 4023
34%
92 BiH - Herzegovina-Neretva Stolac 3816
34%
212 BiH - Una-Sana Bužim 2191
33%
54 BiH - West Herzegovina Posušje 6267
32%
150 Republika Srpska Srbac 2707
32%
258 BiH - Canton 10 Glamoč 1885
31%
72 BiH - Sarajevo Ilijaš 4921
31%
184 BiH - Zenica Olovo 2465
31%
81 BiH - West Herzegovina Grude 4347
30%
31 Republika Srpska Janja 10542
30%
102 Republika Srpska Kostajnica 3561
30%
304 Republika Srpska Kostajnica 1596
30%
134 BiH - Canton 10 Kupres 2883
30%
294 Republika Srpska Rudo 1675
30%
51 BiH - Tuzla Banovići 6432
29%
63 BiH - Zenica Žepče 5460
29%
88 Republika Srpska Ugljevik 3922
28%
221 Republika Srpska Čajniče 2100
26%
69 Republika Srpska Čelinac 5097
26%
13 BiH - Tuzla Živinice Grad 16157
26%
183 Republika Srpska Ljubinje 2467
25%
192 Republika Srpska Lopare 2357
25%
234 BiH - Tuzla Sapna 2027
24%
90 BiH - Central Bosnia Busovača 3894
23%
100 Republika Srpska Kneževo 3590
23%
42 Republika Srpska Lukavica 7597
23%
143 BiH - Tuzla Lukavica 2762
23%
437 Republika Srpska Šekovići 1265
23%
75 BiH - Central Bosnia Gornji Vakuf-Uskoplje 4831
22%
598 Republika Srpska Kalinovik 1015
22%
217 Republika Srpska Milići 2151
22%
229 Republika Srpska Petrovo 2049
22%
368 Republika Srpska Petrovo/Ćela 1388
22%
105 BiH - Tuzla Čelić 3436
21%
306 BiH - Posavina Oštra Luka 1595
21%
215 BiH - Tuzla Devetak 2169
20%
163 Republika Srpska Kozarac 2585
20%
123 BiH - Zenica Breza 3014
18%
131 BiH - Zenica Vareš 2917
18%
190 Republika Srpska Pelagićevo 2381
17%
171 BiH - Herzegovina-Neretva Blagaj 2531
15%
109 BiH - Herzegovina-Neretva Čitluk 3312
15%
495 BiH - West Herzegovina Čitluk 1165
15%
590 BiH - Central Bosnia Kreševo 1025
15%
126 Republika Srpska Omarska 3006
15%
111 BiH - Posavina Domaljevac 3295
14%
605 BiH - Una-Sana Mala Kladuša 1003
14%
598 Republika Srpska Stanari 1015
14%
203 BiH - Herzegovina-Neretva Međugorje 2265
12%
564 Brčko Potočari 1063
12%
500 Republika Srpska Donji Žabar 1157
11%
132 BiH - Zenica Jelah 2911
11%
208 Brčko Brka 2234
9%
231 BiH - Tuzla Kalesija Grad 2039
9%
77 Republika Srpska Dvorovi 4716
8%
424 Republika Srpska Priboj 1285
8%
389 Republika Srpska Slatina 1344
8%
199 Republika Srpska Trnopolje 2275
8%
117 BiH - Sarajevo Kobilja Glava 3092
7%
79 BiH - Sarajevo Hotonj 4580
6%
162 BiH - Zenica Matuzići 2591
6%
228 BiH - Una-Sana Ostrožac 2068
6%
114 BiH - Una-Sana Otoka 3221
6%
319 BiH - Central Bosnia Bila 1545
5%
418 BiH - Herzegovina-Neretva Buna 1291
5%
122 BiH - Tuzla Gornja Tuzla 3017
5%
147 Republika Srpska Karakaj 2731
5%
74 BiH - Tuzla Klokotnica 4874
5%
194 Republika Srpska Nova Topola 2324
5%
198 BiH - Tuzla Simin Han 2278
5%
526 BiH - Sarajevo Tarčin 1113
5%
91 BiH - Central Bosnia Turbe 3890
5%
242 BiH - Tuzla Dobrnja 1966
4%
96 BiH - Posavina Donja Mahala 3702
4%
322 Republika Srpska Dubrave 1534
4%
344 Brčko Dubrave 1463
4%
503 BiH - West Herzegovina Grab 1155
4%
246 Republika Srpska Maslovare 1930
4%
176 BiH - Zenica Nemila 2508
4%
188 BiH - Zenica Orahovica 2417
4%
284 Republika Srpska Ramići 1739
4%
281 BiH - Canton 10 Šuica 1758
4%
145 BiH - Canton 10 Žabljak 2736
4%
76 BiH - Zenica Željezno Polje 4791
4%
200 Republika Srpska Dragočaj 2273
3%
442 Republika Srpska Drakulić 1262
3%
230 BiH - Tuzla Duboki Potok 2040
3%
116 BiH - Tuzla Đurđevik 3184
3%
195 BiH - Herzegovina-Neretva Gabela 2315
3%
146 BiH - Tuzla Gnojnica 2735
3%
325 Brčko Grbavica 1527
3%
320 Republika Srpska Kozluk 1543
3%
477 Republika Srpska Krupa na Vrbasu 1199
3%
121 Brčko Maoča 3030
3%
187 Republika Srpska Obudovac 2421
3%
487 Republika Srpska Orahova 1185
3%
166 Republika Srpska Patkovača 2569
3%
213 BiH - Herzegovina-Neretva Potoci 2183
3%
133 BiH - Tuzla Puračić 2909
3%
123 Republika Srpska Šargovac 3014
3%
136 BiH - Tuzla Sladna 2867
3%
175 BiH - Tuzla Banovići Selo 2510
2%
173 Republika Srpska Batković 2515
2%
565 BiH - Herzegovina-Neretva Čelebići 1062
2%
151 BiH - Tuzla Dobošnica 2696
2%
166 BiH - West Herzegovina Drinovci 2569
2%
379 Republika Srpska Ekonomija 1366
2%
107 Brčko Gornji Rahić 3403
2%
274 BiH - Zenica Hajderovići 1784
2%
312 BiH - Herzegovina-Neretva Jasenica 1573
2%
545 Republika Srpska Karanovac 1088
2%
461 BiH - West Herzegovina Klobuk 1232
2%
473 Republika Srpska Kola 1212
2%
267 BiH - Zenica Kosova 1809
2%
273 Republika Srpska Kotorsko 1790
2%
170 Republika Srpska Kozaruša 2538
2%
311 BiH - Zenica Liješnica 1576
2%
495 Republika Srpska Makljenovac 1165
2%
382 BiH - Tuzla Mihatovići 1353
2%
568 BiH - Central Bosnia Mile 1056
2%
253 BiH - Tuzla Miljanovci 1918
2%
398 Republika Srpska Miloševac 1323
2%
62 BiH - Tuzla Mionica 5483
2%
361 BiH - West Herzegovina Mokro 1411
2%
318 BiH - Zenica Mravići 1546
2%
87 BiH - Tuzla Orahovica Donja 3966
2%
278 BiH - Tuzla Orahovica Gornja 1771
2%
160 Republika Srpska Piskavica 2617
2%
82 BiH - Tuzla Poljice 4337
2%
394 BiH - Posavina Potočani 1332
2%
580 BiH - Zenica Potočani 1029
2%
250 BiH - Tuzla Rainci Gornji 1924
2%
263 BiH - Sarajevo Rakovica 1836
2%
403 BiH - Una-Sana Ripač 1316
2%
139 BiH - Tuzla Šerići 2818
2%
394 BiH - Zenica Šerići 1332
2%
416 BiH - Zenica Sivša 1295
2%
104 BiH - Tuzla Stjepan Polje 3466
2%
382 BiH - Zenica Stranjani 1353
2%
180 BiH - Tuzla Tojšići 2484
2%
270 Republika Srpska Ulice 1795
2%
89 Republika Srpska Velika Obarska 3902
2%
112 BiH - Herzegovina-Neretva Vrapčići 3266
2%
154 BiH - Tuzla Vučkovci 2679
2%
346 BiH - Zenica Župča 1445
2%
578 BiH - Zenica Alibegovci 1034
1%
527 Republika Srpska Amajlije 1112
1%
276 BiH - Tuzla Babunovići 1775
1%
214 Republika Srpska Banja Vrućica 2181
1%
251 Brčko Bijela 1923
1%
572 BiH - Central Bosnia Bilalovac 1048
1%
373 BiH - Central Bosnia Bistrica 1378
1%
377 Republika Srpska Bistrica 1367
1%
367 BiH - Posavina Bok 1392
1%
420 BiH - Tuzla Bokavići 1290
1%
301 BiH - Una-Sana Brekovica 1618
1%
482 Republika Srpska Brezičani 1192
1%
308 Republika Srpska Buletić 1588
1%
421 BiH - Tuzla Caparde 1289
1%
560 BiH - Zenica Čatići 1070
1%
309 Republika Srpska Čečava 1581
1%
158 BiH - Una-Sana Ćoralići 2665
1%
469 Republika Srpska Crkvina 1223
1%
562 BiH - Central Bosnia Divičani 1065
1%
193 BiH - Una-Sana Donji Kamengrad 2336
1%
478 Republika Srpska Donji Vijačani 1195
1%
209 BiH - Tuzla Dubrave Donje 2224
1%
110 BiH - Tuzla Dubrave Gornje 3308
1%
456 BiH - Zenica Dubravica 1237
1%
554 BiH - Central Bosnia Dubravica 1076
1%
247 BiH - Tuzla Džakule 1929
1%
248 Republika Srpska Glamočani 1928
1%
347 BiH - Zenica Gostovići 1444
1%
392 Republika Srpska Grapska Gornja 1334
1%
140 BiH - West Herzegovina Humac 2775
1%
418 Republika Srpska Jagare 1291
1%
313 BiH - Central Bosnia Kaćuni 1562
1%
289 Republika Srpska Kakmuž 1691
1%
412 Republika Srpska Kamenica 1300
1%
268 BiH - Tuzla Kikači 1804
1%
406 Republika Srpska Koraj 1312
1%
93 BiH - Tuzla Kovači 3800
1%
355 BiH - Zenica Kraševo 1430
1%
456 BiH - Una-Sana Krivaja 1237
1%
465 BiH - Zenica Krivaja 1227
1%
83 Republika Srpska Kuljani 4126
1%
324 Republika Srpska Lamovita 1528
1%
328 BiH - Zenica Lepenica 1514
1%
580 BiH - Tuzla Lipnica 1029
1%
439 BiH - Tuzla Lipnica Gornja 1264
1%
235 BiH - West Herzegovina Lise 2025
1%
531 Republika Srpska Lug 1107
1%
471 BiH - Tuzla Međeđa 1220
1%
580 BiH - Tuzla Milešići 1029
1%
334 BiH - Zenica Moševac 1490
1%
182 Republika Srpska Motike 2475
1%
157 BiH - Sarajevo Mrakovo 2666
1%
398 BiH - Zenica Mrkotić 1323
1%
591 BiH - Tuzla Nezuk 1022
1%
331 BiH - Zenica Novi Šeher 1495
1%
302 BiH - Posavina Novo Selo 1605
1%
509 Republika Srpska Novo Selo 1153
1%
595 BiH - Tuzla Obodnica Donja 1017
1%
523 BiH - West Herzegovina Oklaji 1116
1%
371 BiH - Tuzla Omazići 1380
1%
380 BiH - Una-Sana Orašac 1356
1%
185 BiH - Tuzla Petrovice 2460
1%
464 BiH - Sarajevo Podlugovi 1228
1%
262 BiH - Zenica Pojske 1842
1%
297 BiH - Una-Sana Polje 1648
1%
339 BiH - Una-Sana Polje 1472
1%
454 Republika Srpska Popovi 1238
1%
292 BiH - Zenica Potkleče 1685
1%
128 Republika Srpska Potkozarje/Ivanjska 2965
1%
222 BiH - Tuzla Pribava 2096
1%
414 Republika Srpska Pribinić 1298
1%
239 Republika Srpska Priječani 1992
1%
191 BiH - West Herzegovina Radišići 2363
1%
201 BiH - Tuzla Rainci Donji 2268
1%
220 Republika Srpska Rekavice 2105
1%
196 BiH - Tuzla Repnik 2309
1%
113 BiH - Herzegovina-Neretva Rodoč 3257
1%
391 BiH - Una-Sana Sanica 1337
1%
602 BiH - Tuzla Sibovac 1009
1%
405 BiH - Tuzla Šićki Brod 1315
1%
165 BiH - Zenica Šije 2582
1%
232 Brčko Skakava Donja 2037
1%
385 Brčko Skakava Gornja 1352
1%
290 BiH - Tuzla Sniježnica 1690
1%
397 BiH - Sarajevo Sovrle 1324
1%
551 BiH - Tuzla Špionica Srednja 1079
1%
515 BiH - West Herzegovina Studenci 1143
1%
237 BiH - Tuzla Suha 2007
1%
505 Republika Srpska Suho Polje 1154
1%
575 Republika Srpska Svodna 1038
1%
142 BiH - Tuzla Teočak-Krstac 2763
1%
343 BiH - West Herzegovina Tihaljina 1466
1%
335 BiH - Tuzla Tinja Donja 1482
1%
216 BiH - Tuzla Tinja Gornja 2159
1%
147 BiH - Posavina Tolisa 2731
1%
272 BiH - Una-Sana Trnovi 1793
1%
64 BiH - Una-Sana Varoška Rijeka 5400
1%
362 Republika Srpska Veliko Blaško 1408
1%
574 Republika Srpska Verići 1041
1%
293 BiH - Posavina Vidovice 1678
1%
546 BiH - Central Bosnia Vinac 1085
1%
356 BiH - West Herzegovina Vinjani 1423
1%
299 BiH - West Herzegovina Vir 1626
1%
279 BiH - Herzegovina-Neretva Višići 1765
1%
244 BiH - West Herzegovina Vitina 1951
1%
254 Republika Srpska Vrbanjci 1902
1%
233 BiH - Una-Sana Vrhpolje 2035
1%
135 BiH - Tuzla Vukovije Donje 2874
1%
174 BiH - Tuzla Vukovije Gornje 2511
1%
315 Republika Srpska Zabrđe 1551
1%
210 BiH - Tuzla Živinice Donje 2223
1%
155 BiH - Tuzla Živinice Gornje 2672
1%
459 BiH - Herzegovina-Neretva Aladinići 1234
0%
571 BiH - Zenica Arnauti 1053
0%
255 BiH - Tuzla Babići 1897
0%
521 BiH - Bosnian Podrinje Bačci 1120
0%
505 BiH - Zenica Bajvati 1154
0%
452 Republika Srpska Balatun 1245
0%
386 Republika Srpska Barići 1350
0%
178 BiH - Tuzla Bašigovci 2499
0%
528 BiH - Central Bosnia Batuša 1111
0%
413 BiH - Zenica Begov Han 1299
0%
350 BiH - Herzegovina-Neretva Bijakovići 1438
0%
492 BiH - Una-Sana Biljani Donji 1171
0%
336 BiH - Sarajevo Binježevo 1481
0%
523 BiH - Tuzla Bistarac Donji 1116
0%
589 BiH - Herzegovina-Neretva Bivolje Brdo 1026
0%
243 BiH - Sarajevo Blagovac 1956
0%
462 Republika Srpska Blatnica 1231
0%
432 Brčko Boće 1270
0%
497 Republika Srpska Bok Jankovac 1161
0%
287 Republika Srpska Boljanić 1714
0%
605 BiH - Zenica Bradve 1003
0%
153 Republika Srpska Branjevo 2694
0%
443 Republika Srpska Brđani 1259
0%
587 Republika Srpska Brestovčina 1027
0%
417 Brčko Brezovo Polje 1292
0%
280 BiH - Tuzla Brijesnica Mala 1764
0%
241 BiH - Tuzla Brijesnica Velika 1972
0%
518 BiH - Zenica Briznik 1135
0%
562 BiH - Central Bosnia Brnjaci 1065
0%
474 BiH - West Herzegovina Broćanac 1209
0%
156 Republika Srpska Bukovica Velika 2669
0%
601 BiH - Central Bosnia Bulići 1014
0%
489 BiH - Zenica Buzić Mahala 1179
0%
360 BiH - Una-Sana Čajići 1414
0%
337 BiH - Tuzla Čaklovići Gornji 1480
0%
439 BiH - Una-Sana Čaplje 1264
0%
551 Republika Srpska Čarakovo 1079
0%
485 BiH - Central Bosnia Carevo Polje 1189
0%
444 BiH - Herzegovina-Neretva Čeljevo 1256
0%
269 Republika Srpska Čelopek 1801
0%
585 Republika Srpska Cerani 1028
0%
579 Republika Srpska Cerovica 1030
0%
118 BiH - Herzegovina-Neretva Cim 3061
0%
120 BiH - Zenica Činovići 3045
0%
177 Republika Srpska Čirkin Polje 2500
0%
330 BiH - Herzegovina-Neretva Crnići-Greda 1501
0%
236 Republika Srpska Crnjelovo Donje 2011
0%
427 Republika Srpska Crnjelovo Gornje 1279
0%
429 BiH - Tuzla Crveno Brdo 1273
0%
484 Republika Srpska Debeljaci 1190
0%
374 BiH - Central Bosnia Divjak 1369
0%
205 BiH - Una-Sana Dobro Selo 2242
0%
260 BiH - Tuzla Dobrovci 1854
0%
332 BiH - Herzegovina-Neretva Domanovići 1493
0%
339 BiH - Posavina Donja Dubica 1472
0%
448 BiH - Una-Sana Donja Koprivna 1249
0%
513 BiH - Tuzla Donja Lohinja 1149
0%
227 BiH - Zenica Donja Lovnica 2070
0%
382 BiH - Tuzla Donja Međiđa 1353
0%
491 Republika Srpska Donja Pilica 1176
0%
505 Republika Srpska Donja Trnova 1154
0%
402 BiH - Zenica Donji Junuzovići 1317
0%
538 Republika Srpska Donji Lokanj 1100
0%
323 BiH - West Herzegovina Donji Mamići 1529
0%
207 Republika Srpska Donji Orlovci 2236
0%
408 Republika Srpska Donji Ružević 1310
0%
566 Republika Srpska Donji Štrpci 1061
0%
531 BiH - Posavina Donji Svilaj 1107
0%
446 BiH - Herzegovina-Neretva Dračevice 1254
0%
224 Republika Srpska Đulići 2086
0%
516 BiH - Zenica Džimilić Planje 1141
0%
127 Republika Srpska Garevac 2993
0%
560 Republika Srpska Glavičice 1070
0%
422 BiH - Una-Sana Glogovac 1286
0%
98 BiH - Herzegovina-Neretva Gnojnice 3637
0%
536 BiH - Tuzla Goduš 1104
0%
181 Republika Srpska Gomjenica 2483
0%
520 BiH - West Herzegovina Gorica 1123
0%
433 BiH - Una-Sana Gornja Barska 1268
0%
610 BiH - Herzegovina-Neretva Gornja Drežnica 1000
0%
285 BiH - Una-Sana Gornja Koprivna 1737
0%
408 BiH - Tuzla Gornja Međiđa 1310
0%
256 BiH - Zenica Gornja Zenica 1893
0%
407 BiH - Una-Sana Gornji Kamengrad 1311
0%
370 BiH - Tuzla Gornji Lukavac 1384
0%
296 Republika Srpska Gornji Podgradci 1656
0%
547 Republika Srpska Gornji Smrtići 1084
0%
500 Republika Srpska Gornji Štrpci 1157
0%
258 Republika Srpska Gornji Teslić 1885
0%
362 Brčko Gornji Zovik 1408
0%
570 BiH - Tuzla Grabovica Donja 1054
0%
129 BiH - Zenica Gradišće 2964
0%
530 Brčko Gredice 1109
0%
189 BiH - Tuzla Grivice 2395
0%
493 BiH - Herzegovina-Neretva Hamzići 1167
0%
591 BiH - Tuzla Hrasno Donje 1022
0%
288 BiH - Una-Sana Hrustovo 1697
0%
266 BiH - Tuzla Humci 1817
0%
497 BiH - Herzegovina-Neretva Humilišani 1161
0%
408 BiH - Una-Sana Husimovci 1310
0%
392 BiH - Tuzla Huskići 1334
0%
163 BiH - Herzegovina-Neretva Ilići 2585
0%
454 Republika Srpska Jakeš 1238
0%
310 Republika Srpska Jakupovci 1579
0%
374 BiH - Tuzla Jelovče Selo 1369
0%
144 BiH - Una-Sana Jezerski 2756
0%
211 BiH - Tuzla Kalesija Selo 2222
0%
505 BiH - Zenica Kalošević 1154
0%
197 Republika Srpska Kamičani 2307
0%
480 BiH - Central Bosnia Karadže 1194
0%
400 BiH - West Herzegovina Knešpolje 1322
0%
478 BiH - West Herzegovina Kočerin 1195
0%
225 BiH - Una-Sana Konjodor 2085
0%
580 Republika Srpska Konjuhovci 1029
0%
465 BiH - Zenica Kopice 1227
0%
511 Republika Srpska Koprivna 1151
0%
511 Republika Srpska Koraće 1151
0%
372 BiH - Posavina Kostrč 1379
0%
295 Republika Srpska Kozinci 1661
0%
342 BiH - Tuzla Kraljevići 1471
0%
286 BiH - Una-Sana Krasulje 1731
0%
257 Republika Srpska Križevići 1888
0%
168 BiH - Central Bosnia Krušćica 2551
0%
544 BiH - Tuzla Kruševica 1089
0%
522 Republika Srpska Kruškik 1119
0%
576 BiH - Una-Sana Kudići 1037
0%
300 BiH - Herzegovina-Neretva Kutilivač 1624
0%
353 BiH - Herzegovina-Neretva Lakševine 1432
0%
261 Republika Srpska Laminci Brezici 1847
0%
326 Republika Srpska Liješće 1518
0%
451 Republika Srpska Lipac 1246
0%
499 BiH - Tuzla Lipovice 1158
0%
332 BiH - Una-Sana Liskovac 1493
0%
550 Republika Srpska Liskovac 1080
0%
252 Republika Srpska Ljubija 1921
0%
456 BiH - Una-Sana Ljusina 1237
0%
338 BiH - West Herzegovina Ljuti Dolac 1479
0%
115 BiH - Una-Sana Lubarda 3198
0%
396 BiH - Tuzla Lukavica Donja 1327
0%
381 BiH - Tuzla Lukavica Gornja 1354
0%
576 BiH - Tuzla Lukavica Rijeka 1037
0%
304 Republika Srpska Maglajani 1596
0%
374 BiH - Una-Sana Mahmić Selo 1369
0%
317 BiH - Una-Sana Majetići 1547
0%
137 BiH - Tuzla Makešići 2853
0%
540 BiH - Central Bosnia Maline 1095
0%
603 Republika Srpska Marićka 1004
0%
509 Republika Srpska Mašići 1153
0%
303 BiH - Posavina Matići 1602
0%
345 BiH - Tuzla Memići 1453
0%
437 Republika Srpska Milijevići 1265
0%
172 BiH - Una-Sana Milijkovići 2517
0%
608 Republika Srpska Miljevac 1001
0%
358 BiH - Una-Sana Miostrah 1419
0%
202 BiH - Tuzla Miričina 2266
0%
270 BiH - Sarajevo Miševići 1795
0%
314 BiH - Zenica Misurići 1556
0%
351 Republika Srpska Mladikovine 1435
0%
389 BiH - Tuzla Mramor Novi 1344
0%
97 BiH - Una-Sana Mrazovac 3653
0%
369 BiH - Zenica Mustajbašići 1385
0%
159 BiH - Una-Sana Mutnik 2662
0%
238 BiH - Zenica Novi Miljanovci 1999
0%
539 BiH - Tuzla Odorovići 1096
0%
593 BiH - Una-Sana Okreč 1021
0%
556 Brčko Omerbegovača 1074
0%
433 BiH - Herzegovina-Neretva Opličići 1268
0%
488 Republika Srpska Opsječko 1180
0%
130 Republika Srpska Orlovača 2918
0%
603 BiH - Herzegovina-Neretva Ošanjići 1004
0%
453 Republika Srpska Osinja 1244
0%
547 Republika Srpska Osječani Gornji 1084
0%
354 BiH - Zenica Ozimica 1431
0%
349 Brčko Palanka 1439
0%
482 BiH - Zenica Papratnica 1192
0%
542 BiH - Tuzla Pasci Donji 1092
0%
264 Republika Srpska Pavlovac 1825
0%
503 BiH - Zenica Perovići 1155
0%
265 BiH - Zenica Pilijužići 1823
0%
403 BiH - Una-Sana Pištaline 1316
0%
297 BiH - Una-Sana Pjanići 1648
0%
535 BiH - Tuzla Podgorje 1106
0%
226 BiH - Una-Sana Podgredina 2073
0%
502 Republika Srpska Podnovlje 1156
0%
569 Republika Srpska Podosoje 1055
0%
554 BiH - Central Bosnia Podovi 1076
0%
433 Republika Srpska Podromanija 1268
0%
321 BiH - Central Bosnia Pokrajčići 1540
0%
587 BiH - Una-Sana Poljana 1027
0%
436 Republika Srpska Poljavnice 1266
0%
364 BiH - Herzegovina-Neretva Polje Bijela 1402
0%
364 BiH - Herzegovina-Neretva Poplat 1402
0%
558 BiH - Central Bosnia Preočica 1071
0%
204 BiH - Tuzla Priluk 2260
0%
531 BiH - Canton 10 Prisoje 1107
0%
329 BiH - Tuzla Prokosovići 1503
0%
425 BiH - Central Bosnia Prusac 1281
0%
223 Republika Srpska Pučile 2090
0%
481 BiH - Central Bosnia Putićevo 1193
0%
415 BiH - Sarajevo Radava 1296
0%
119 BiH - Zenica Raduša 3051
0%
553 Brčko Rašljani 1078
0%
348 BiH - Herzegovina-Neretva Raštani 1442
0%
161 BiH - West Herzegovina Rastovača 2605
0%
537 BiH - Tuzla Ratkovići 1101
0%
597 BiH - Zenica Ribnica Dio 1016
0%
470 BiH - Central Bosnia Rijeka 1221
0%
471 Republika Srpska Roćević 1220
0%
610 BiH - Canton 10 Roško Polje 1000
0%
357 Republika Srpska Rovine 1422
0%
450 BiH - Zenica Rujnica 1248
0%
386 BiH - Herzegovina-Neretva Rumboci 1350
0%
291 BiH - West Herzegovina Ružići 1688
0%
401 Republika Srpska Sarići 1321
0%
339 Brčko Šatrorovići 1472
0%
593 BiH - Central Bosnia Šavnik 1021
0%
431 Republika Srpska Ševarlije 1271
0%
585 Republika Srpska Sjenina 1028
0%
366 BiH - Tuzla Škahovica 1400
0%
352 BiH - Una-Sana Skucani Vakuf 1434
0%
462 BiH - Central Bosnia Slimena 1231
0%
141 BiH - West Herzegovina Sovići 2771
0%
377 BiH - Zenica Srhinje 1367
0%
607 Republika Srpska Stanić Rijeka 1002
0%
558 Republika Srpska Stenjak 1071
0%
151 BiH - Una-Sana Stijena 2696
0%
493 BiH - Canton 10 Stipanjići 1167
0%
428 BiH - Tuzla Stražbenica 1274
0%
186 BiH - Una-Sana Šturlić 2447
0%
476 BiH - Sarajevo Svrake 1204
0%
149 Republika Srpska Tarevci 2719
0%
245 BiH - Herzegovina-Neretva Tasovčići 1950
0%
514 Republika Srpska Tobut 1146
0%
543 BiH - Una-Sana Todorovska Slapnica 1091
0%
531 BiH - Una-Sana Tomina 1107
0%
486 BiH - Zenica Topčić Polje 1188
0%
430 BiH - Herzegovina-Neretva Trebižat 1272
0%
307 BiH - Zenica Trepče 1593
0%
556 Republika Srpska Trnjaci 1074
0%
283 Republika Srpska Tršić 1744
0%
426 BiH - Tuzla Tupković Gornji 1280
0%
517 BiH - Una-Sana Turija 1136
0%
573 Republika Srpska Tutnjevac 1042
0%
475 BiH - Posavina Ugljara 1205
0%
595 BiH - Sarajevo Ugorsko 1017
0%
277 BiH - Una-Sana Urga 1772
0%
388 BiH - West Herzegovina Uzarići 1349
0%
549 BiH - Zenica Vareš Majdan 1083
0%
541 BiH - Una-Sana Velika Gata 1094
0%
411 BiH - Herzegovina-Neretva Veliki Ograđenik 1303
0%
448 BiH - West Herzegovina Veljaci 1249
0%
439 BiH - Central Bosnia Vesela 1264
0%
249 BiH - Tuzla Vida 1926
0%
240 BiH - Herzegovina-Neretva Vihovići 1987
0%
490 BiH - Tuzla Višća Donja 1178
0%
138 BiH - Tuzla Vitinica 2831
0%
525 BiH - Una-Sana Voloder 1114
0%
358 Republika Srpska Vranjak 1419
0%
608 BiH - Tuzla Vranovići 1001
0%
444 BiH - Tuzla Vražići 1256
0%
598 BiH - Posavina Vrbovac 1015
0%
567 BiH - Zenica Vukovo 1057
0%
468 BiH - Central Bosnia Zabilje 1225
0%
459 BiH - Una-Sana Zagrad 1234
0%
529 BiH - Tuzla Zaseok 1110
0%
467 BiH - Una-Sana Zborište 1226
0%
315 BiH - Tuzla Zelinja Donja 1551
0%
447 BiH - Tuzla Zelinja Srednja 1253
0%
No matching quizzes found
Score Distribution
Percent of People with Each Score
Percentile by Number Answered
Your Score History
You have not taken this quiz